|
|
|
|
| LEADER |
00000naa a2200000 ar4500 |
| 001 |
vtls008986963 |
| 003 |
SK-MaSNL |
| 005 |
20260302144527.0 |
| 008 |
070509c2003 xo |r|p|||||||000 b|slo |
| 015 |
|
|
|a SNBRA2007/05
|2 snkbucl
|
| 038 |
|
|
|a SNKBUCL
|
| 040 |
|
|
|a SNKBUCL
|b slo
|c SNKBUCL
|e AACR2
|
| 041 |
0 |
|
|a slo
|
| 044 |
|
|
|a xo
|c SK
|
| 080 |
|
|
|a 811.162.4`35
|2 2001
|
| 080 |
|
|
|a 81`35
|2 2001
|
| 080 |
|
|
|a 811.162.4-26
|x "19"
|2 2001
|
| 080 |
|
|
|a 811.162.4`06
|x "19"
|2 2001
|
| 080 |
|
|
|a 81-26
|x "19"
|2 2001
|
| 080 |
|
|
|a 81`06
|x "19"
|2 2001
|
| 100 |
1 |
|
|a Považaj, Matej,
|d 1942-
|4 aut
|9 86590
|
| 245 |
1 |
0 |
|a Pravidlá slovenského pravopisu - tradícia, súčasnosť, perspektívy
|c Matej Považaj
|
| 504 |
|
|
|a Bibliogr. odkazy
|
| 630 |
0 |
7 |
|a Pravidlá slovenského pravopisu
|2 snkbucl
|9 765806
|
| 648 |
|
7 |
|a 20. stor.
|2 snkbucl
|9 275975
|
| 650 |
0 |
7 |
|a slovenčina
|2 snkbucl
|9 1350
|
| 650 |
0 |
7 |
|a pravopis
|2 snkbucl
|9 868
|
| 773 |
0 |
|
|t Letná škola prekladu 1, Prednášky z XXIV. Letnej školy prekladu v Budmericiach 18.9.-21.9.2002
|d Bratislava : Stimul, 2003
|g S. 158-172
|z 8085697491
|
| 852 |
|
|
|a SNK
|b KIS3GCP
|
| 958 |
|
|
|a SK
|
| 958 |
|
|
|a NB
|
| 999 |
|
|
|c 1349721
|d 1351651
|